[Event "AUTO-ADV-3535"]
[Site "http://www.queenalice.com/game.php?id=1394922"]
[Date "2015.11.19"]
[Round "1"]
[White "Henriii"]
[Black "ALDROB"]
[Result "0-1"]
[WhiteElo "2001"]
[BlackElo "1877"]

1. e4 e5 2. Nf3 Nc6 3. c3 d5 4. Bd3 Bg4 5. h3 Bh5 6. g4 Bg6 7. Qe2 Bd6 8. exd5
Bxd3 9. Qxd3 Nce7 10. Qb5+ c6 11. dxc6 bxc6 12. Qe2 Nf6 13. d3 O-O 14. Bg5 Ned5
15. Nbd2 Nf4 16. Bxf4 exf4 17. O-O-O Qa5 18. Nc4 Qxa2 19. Nxd6 Qa1+ 20. Kc2 Qa4+
21. Kd2 Rad8 22. Nc4 Rfe8 23. Qf1 Ne4+ 24. Kc1 Qa1+ 25. Kc2 Qa4+ 26. Kb1 Nxc3+
27. bxc3 Rb8+ 28. Kc1 Qa1+ 29. Kd2 Rb2+ 30. Nxb2 Qxb2# 0-1

[Event "AUTO-ADV-3535"]
[Site "http://www.queenalice.com/game.php?id=1394929"]
[Date "2015.11.19"]
[Round "1"]
[White "Henriii"]
[Black "Legionnaire"]
[Result "1-0"]
[WhiteElo "2064"]
[BlackElo "1937"]

1. e4 e5 2. Nf3 Nc6 3. c3 Nf6 4. d3 Be7 5. Bg5 O-O 6. Bxf6 Bxf6 7. d4 d6 8. d5
Nb8 9. Na3 Bg4 10. Be2 Nd7 11. Nd2 Bxe2 12. Qxe2 Nc5 13. b4 Na4 14. Rc1 Bg5 15.
O-O a6 16. Nac4 b5 17. Na5 Qc8 18. Nc6 Re8 19. Rc2 Nb6 20. Nb3 Nd7 21. Qg4 f6
22. Nba5 Nf8 23. Qxc8 Raxc8 24. g3 Nd7 25. c4 Nb8 26. Na7 Rcd8 27. cxb5 axb5 28.
Rxc7 Rd7 29. Rxd7 Nxd7 30. N5c6 Nb8 31. Na5 Bd2 32. a3 Re7 33. Nc8 Rd7 34. Rd1
Bc3 35. Rb1 Bd4 36. Rc1 Kf7 37. Nc6 Bb2 38. Nxb8 Bxc1 39. Nxd7 Ke8 40. Ndb6 Bxa3
41. Nxd6+ Ke7 42. Nxb5 Bxb4 43. Kf1 Bc5 44. Nc4 Kd7 45. f4 exf4 46. gxf4 1-0

[Event "AUTO-ADV-3535"]
[Site "http://www.queenalice.com/game.php?id=1394930"]
[Date "2015.11.19"]
[Round "1"]
[White "Legionnaire"]
[Black "Henriii"]
[Result "0-1"]
[WhiteElo "1872"]
[BlackElo "1776"]

1. e4 e5 2. Nf3 Nc6 3. Bb5 Nge7 4. O-O a6 5. Ba4 d5 6. Nxe5 b5 7. Nxc6 Nxc6 8.
exd5 Qxd5 9. Bb3 Qd8 10. Qf3 Qd7 11. Bd5 Bb7 12. b3 f6 13. Re1+ Kd8 14. Bf7 Qxf7
15. Qd3+ Bd6 0-1

[Event "AUTO-MASTER-2390"]
[Site "http://www.queenalice.com/game.php?id=1395270"]
[Date "2015.11.21"]
[Round "1"]
[White "RDario"]
[Black "Henriii"]
[Result "1-0"]
[WhiteElo "1955"]
[BlackElo "2023"]

1. d4 c5 2. Nf3 d6 3. Bf4 Bg4 4. Nbd2 Nc6 5. d5 Nb8 6. e3 a6 7. c4 g6 8. Rc1 Qa5
9. Be2 Qxa2 10. b4 cxb4 11. O-O Qa5 12. Nb3 Qd8 13. c5 e5 14. Bg3 h5 15. cxd6
Bxd6 16. Nxe5 Bf5 17. f4 Ne7 18. Qd4 O-O 19. e4 Bd7 20. Nc5 Bxc5 21. Rxc5 b6 22.
Rcc1 f6 23. Nxd7 Qxd7 24. f5 gxf5 25. Rc7 Qd8 26. d6 Nec6 27. Qd5+ Kh8 28. Rxc6
Nxc6 29. Qxc6 a5 30. Rxf5 Ra7 31. Rxh5+ Kg7 32. Qc1 Rh8 33. Rxh8 Qxh8 34. Bg4 b3
35. Qb2 Qg8 36. e5 Kf7 37. Qxb3+ Kg7 38. exf6+ Kh8 39. Be6 Qg5 40. Qc3 Kh7 41.
f7 Ra8 42. Be5 Qh5 43. Qd3+ Qg6 44. Qh3+ Qh6 45. Bf5# 1-0

[Event "AUTO-MASTER-2390"]
[Site "http://www.queenalice.com/game.php?id=1395271"]
[Date "2015.11.21"]
[Round "1"]
[White "Henriii"]
[Black "RDario"]
[Result "0-1"]
[WhiteElo "2049"]
[BlackElo "1934"]

1. e4 d6 2. d4 Nd7 3. Nf3 h6 4. c3 g5 5. Bd3 Bg7 6. Be3 e5 7. d5 Ne7 8. Na3 c6
9. c4 Nf6 10. Nd2 Ng6 11. f3 Nf4 12. Bxf4 exf4 13. Qe2 Nd7 14. b4 Bxa1 15. O-O
Bd4+ 16. Kh1 Ne5 17. Nc2 Bb6 18. a4 a5 19. b5 Qf6 20. Nb3 c5 21. Qd2 Bd8 22. Be2
h5 23. Rf2 Qg6 24. Kg1 g4 25. Ne1 g3 26. hxg3 fxg3 27. Rf1 h4 28. f4 Ng4 29. f5
Qg7 30. Qd1 Ne3 31. Qd2 Nxf1 32. Bxf1 Bg5 33. Qe2 Qc3 34. Nd2 Bxd2 35. Nf3 Qe3+
36. Qxe3 Bxe3+ 37. Kh1 Ke7 38. Ne1 Bd7 39. Nc2 Bf2 40. Be2 Kf6 41. Bf3 Ke5 42.
Na1 Kd4 43. Nc2+ Kxc4 0-1

[Event "AUTO-MASTER-2390"]
[Site "http://www.queenalice.com/game.php?id=1395286"]
[Date "2015.11.21"]
[Round "1"]
[White "Zugswang"]
[Black "Henriii"]
[Result "1-0"]
[WhiteElo "2134"]
[BlackElo "2135"]

1. e4 e5 2. f4 exf4 3. Nf3 d6 4. d4 g5 5. Bc4 Bg4 6. O-O Bg7 7. c3 a6 8. Qb3 Bc8
9. Bxf7+ Kf8 10. Nxg5 Qxg5 11. Bxf4 Qb5 12. Bxd6+ cxd6 13. Bxg8+ Ke7 14. Qf7+
Kd8 15. Qxg7 Rxg8 16. Qxg8+ Kc7 17. b3 Nd7 18. Qxh7 Kb6 19. Na3 Qd3 20. Nc4+ Ka7
21. Rac1 Qe2 22. Nxd6 Qxa2 23. Nxc8+ Rxc8 24. Qxd7 Rc6 25. b4 Qd2 26. e5 Rxc3
27. Rxc3 Qxc3 28. e6 Qxb4 29. e7 a5 30. e8=Q a4 31. Qxa4+ Qxa4 32. Qxa4+ Kb6 33.
Qb4+ Ka6 34. Ra1# 1-0

[Event "AUTO-MASTER-2390"]
[Site "http://www.queenalice.com/game.php?id=1395287"]
[Date "2015.11.21"]
[Round "1"]
[White "Henriii"]
[Black "Zugswang"]
[Result "0-1"]
[WhiteElo "2095"]
[BlackElo "2159"]

1. e4 Nf6 2. e5 Nd5 3. d4 d6 4. Nf3 g6 5. Bc4 c6 6. Bxd5 cxd5 7. c3 Bg7 8. Bf4
dxe5 9. Nxe5 f6 10. Nd3 Nc6 11. Nd2 O-O 12. O-O e5 13. dxe5 fxe5 14. Bg3 Bf5 15.
Ne1 e4 16. Nc2 Qb6 17. b3 Bxc3 18. Rc1 Bb2 19. Rb1 Bg7 20. Ne3 Rad8 21. Bf4 Ne5
22. Nxf5 Rxf5 23. g3 Nd3 24. Be3 d4 25. Nc4 Qf6 26. Bd2 b5 27. Nb2 Nxf2 28. Rxf2
Rxf2 29. Bf4 Rf3 30. Qe2 d3 31. Qxe4 Qb6+ 32. Kh1 Qf2 33. Qe7 Rf8 34. Be5 Bxe5
35. Qxe5 d2 36. Qd5+ R3f7 37. Rd1 Qf3+ 38. Qxf3 Rxf3 39. Rxd2 Rf2 40. Rxf2 Rxf2
41. Nd3 Rxa2 42. Nb4 Rb2 43. Nc6 a6 0-1

[Event "AUTO-MASTER-2390"]
[Site "http://www.queenalice.com/game.php?id=1395298"]
[Date "2015.11.21"]
[Round "1"]
[White "Henriii"]
[Black "renato"]
[Result "0-1"]
[WhiteElo "1867"]
[BlackElo "1807"]

1. e4 e5 2. Nf3 d6 3. c3 Bg4 4. Be2 Nf6 5. d3 h6 6. h3 Bxf3 7. Bxf3 c6 8. d4 Na6
9. Be3 Be7 10. Nd2 g5 0-1

[Event "AUTO-MASTER-2390"]
[Site "http://www.queenalice.com/game.php?id=1395299"]
[Date "2015.11.21"]
[Round "1"]
[White "renato"]
[Black "Henriii"]
[Result "1-0"]
[WhiteElo "1787"]
[BlackElo "1887"]

1. e4 e5 2. Nf3 d6 3. Nc3 Bg4 4. Be2 Nf6 5. h3 Bh5 6. d3 c6 7. g4 Bg6 8. g5 Nfd7
9. h4 f6 10. h5 Bf7 11. gxf6 1-0

[Event "AUTO-MASTER-2392"]
[Site "http://www.queenalice.com/game.php?id=1395985"]
[Date "2015.11.25"]
[Round "1"]
[White "Janivgm"]
[Black "Henriii"]
[Result "1-0"]
[WhiteElo "1837"]
[BlackElo "1822"]

1. d4 d5 2. c4 dxc4 3. e4 b5 4. a3 Nc6 5. d5 Ne5 6. Nf3 Nxf3+ 7. Qxf3 e6 8. Nc3
a6 9. Be2 e5 10. O-O Qf6 11. Qg3 h6 12. Be3 Bb7 13. f4 exf4 14. Bxf4 Bd6 15. e5
Bc5+ 16. Kh1 Qg6 17. Qxg6 fxg6 18. Bf3 O-O-O 19. e6 Nf6 20. Rad1 g5 21. Be5 g4
22. Bxf6 gxf3 23. Bxd8 Kxd8 24. Rxf3 Bd6 25. Rf7 g5 26. Ne4 Be5 27. Nc5 Bc8 28.
Rd2 Bd6 29. Nd7 Bxd7 30. Rxd7+ Ke8 31. Rf2 Rf8 32. Rxf8+ Kxf8 33. Kg1 h5 34. h3
h4 35. Kf1 1-0

[Event "AUTO-MASTER-2392"]
[Site "http://www.queenalice.com/game.php?id=1395986"]
[Date "2015.11.25"]
[Round "1"]
[White "Henriii"]
[Black "Janivgm"]
[Result "0-1"]
[WhiteElo "1807"]
[BlackElo "1852"]

1. e4 e5 2. Nf3 Nf6 3. d3 Nc6 4. Bg5 Be7 5. Bxf6 Bxf6 6. c3 d6 7. d4 exd4 8.
Nxd4 Bd7 9. Bb5 Ne5 10. Bxd7+ Qxd7 11. Nd2 c5 12. Nf5 O-O 13. O-O b5 14. Nb3
Rad8 15. Ne3 c4 16. Nc1 Ng6 17. Ne2 Rfe8 18. f3 a5 19. Nd5 Be5 20. b3 b4 21. Rc1
cxb3 22. axb3 bxc3 23. Ndxc3 Nf4 24. Nxf4 Bxf4 25. Rb1 Rc8 26. Nd5 Be5 27. Nb6
Qa7 28. Kh1 Qxb6 29. Qd5 g6 30. g3 Qc5 31. Qxc5 dxc5 32. f4 Bd4 33. e5 Rcd8 34.
Kg2 Kg7 35. Kh3 f6 36. exf6+ Kxf6 37. Kh4 Rd5 0-1

[Event "AUTO-MASTER-2392"]
[Site "http://www.queenalice.com/game.php?id=1395999"]
[Date "2015.11.25"]
[Round "1"]
[White "Henriii"]
[Black "reycas"]
[Result "0-1"]
[WhiteElo "1936"]
[BlackElo "2216"]

1. e4 Nf6 2. e5 Nd5 3. c3 d6 4. d4 g6 5. Bc4 c6 6. Nf3 Bg4 7. O-O Bg7 8. Bxd5
cxd5 9. Qd3 Bxf3 10. Qxf3 dxe5 11. dxe5 Bxe5 12. Rd1 O-O 13. Qxd5 Nc6 14. Na3
Qb8 15. g3 e6 16. Qe4 Bg7 17. Bf4 e5 18. Bg5 h6 19. Be3 a6 20. f4 f5 21. Qd5+
Kh7 22. fxe5 Nxe5 23. Bd4 Ng4 24. Nc2 Nf6 25. Qe5 Qxe5 26. Bxe5 Rad8 27. Nd4
Rfe8 28. Re1 Ne4 29. Bxg7 Kxg7 30. Rad1 Kf6 31. Rf1 h5 32. Nb3 Rxd1 33. Rxd1 b5
34. Re1 Rd8 35. Nd4 Rd6 36. Kg2 b4 37. Rd1 bxc3 38. bxc3 Nxc3 39. Rd3 Nb5 40.
Rd2 Rxd4 0-1

[Event "AUTO-MASTER-2392"]
[Site "http://www.queenalice.com/game.php?id=1396000"]
[Date "2015.11.25"]
[Round "1"]
[White "reycas"]
[Black "Henriii"]
[Result "1-0"]
[WhiteElo "2162"]
[BlackElo "1973"]

1. e4 e5 2. f4 exf4 3. Bc4 Qh4+ 4. Kf1 Bc5 5. d4 Bb4 6. Nf3 Qg4 7. c3 Be7 8.
Bxf7+ Kd8 9. Bd2 h5 10. h3 Qg3 11. Be1 Nh6 12. Bxg3 fxg3 13. Bxh5 d6 14. Qe1 Bd7
15. Qxg3 Rg8 16. Nbd2 b5 17. Bg6 Bc6 18. Ng5 Rf8+ 19. Ke2 Nd7 20. Ne6+ Kc8 21.
Nxf8 Nxf8 22. Bf5+ Kb7 23. Qxg7 Nxf5 24. exf5 Re8 25. Kd3 Nd7 26. Rhe1 Bf6 27.
Qg6 Rxe1 28. Rxe1 Bh4 29. g3 Bf6 30. Ne4 Be7 31. f6 Bd8 32. g4 Bxe4+ 33. Qxe4+
Kb6 34. Qe8 1-0

[Event "AUTO-MASTER-2392"]
[Site "http://www.queenalice.com/game.php?id=1396001"]
[Date "2015.11.25"]
[Round "1"]
[White "Henriii"]
[Black "dadge"]
[Result "0-1"]
[WhiteElo "1981"]
[BlackElo "2166"]

1. e4 c5 2. c3 d6 3. d4 cxd4 4. cxd4 Nf6 5. Nc3 g6 6. Nf3 Bg7 7. Be3 Ng4 8. Bf4
O-O 9. h3 Nf6 10. e5 dxe5 11. Bxe5 Nc6 12. Bxf6 Bxf6 13. d5 Nb4 14. a3 Bxc3+ 15.
bxc3 Nxd5 16. Rc1 Be6 17. Bc4 Rc8 18. Bxd5 Bxd5 19. O-O e6 20. Qd4 Bxf3 21. Qxd8
Rfxd8 22. gxf3 Rd3 23. Rfd1 Rxf3 24. Rd7 Rfxc3 25. Rxc3 Rxc3 26. Rxb7 Rxa3 27.
Kh2 a5 28. Ra7 a4 29. Kg2 Ra1 30. Kf3 a3 31. Kf4 a2 32. h4 h5 33. f3 Rh1 34.
Rxa2 Rxh4+ 35. Kg5 Rb4 36. Kh6 Kf8 37. Kg5 Kg7 38. Re2 f6# 0-1

[Event "AUTO-MASTER-2392"]
[Site "http://www.queenalice.com/game.php?id=1396002"]
[Date "2015.11.25"]
[Round "1"]
[White "dadge"]
[Black "Henriii"]
[Result "1-0"]
[WhiteElo "2158"]
[BlackElo "2040"]

1. e4 e5 2. Nf3 d6 3. d4 Bg4 4. dxe5 Bxf3 5. Qxf3 dxe5 6. Bc4 Qf6 7. Qb3 b6 8.
O-O c6 9. a4 Bc5 10. Qg3 Nd7 11. Be3 Be7 12. Nc3 h6 13. f4 Qh4 14. fxe5 Qxg3 15.
Bxf7+ Kd8 16. hxg3 Nxe5 17. Rad1+ Kc7 18. Bf4 Bd6 19. Be6 Nf6 20. Ne2 Nxe4 21.
Nd4 g5 22. Bxe5 Rhd8 23. Rf7+ Kb8 24. Nxc6# 1-0